Glorious angel
| Main Author: | |
|---|---|
| Format: | Book |
| Published: |
New York :
Avon Books ,
1982
|
| Subjects: |
MARC
| LEADER | 00000cam a2200000 7i4500 | ||
|---|---|---|---|
| 001 | 0000052764 | ||
| 005 | 20020329.0 | ||
| 020 | |a 0380792028 | ||
| 090 | 0 | 0 | |a F |b LIN |
| 100 | 1 | |a Lindsey, Johanna | |
| 245 | 1 | 0 | |a Glorious angel |c Johanna Lindsey |
| 260 | |a New York : |b Avon Books , |c 1982 | ||
| 300 | |a 313p. ; |c 18cm. | ||
| 650 | 0 | 0 | |a Romance fiction |
| 999 | |a 126822 |b BUKU |c FICTION |e PERPUSTAKAAN KOMUNITI PETALING JAYA | ||
| 999 | |a 126823 |b BUKU |c FICTION |e PERPUSTAKAAN KOMUNITI PETALING JAYA | ||
| 999 | |a 126824 |b BUKU |c FICTION |e PERPUSTAKAAN KOMUNITI PETALING JAYA | ||